Integračná funkcia medzirezortných projektov častí štátneho informačného systému

Uložené v:
Podrobná bibliografia
Hlavný autor: Grell, Michal
Médium: Kapitola
Jazyk:Slovak
Tagy: Pridať tag
Žiadne tagy, Buďte prvý, kto otaguje tento záznam!

MARC

LEADER 00000naa$a2200000$$$4500
001 0116539
005 20240502072311.4
041 0 |a slo 
044 |a SK 
245 1 0 |a Integračná funkcia medzirezortných projektov častí štátneho informačného systému  |c Michal Grell 
100 1 |a Grell, Michal